000 01602nam a2200241 a 4500
001 000048220
005 20240319201453.0
008 181206s2016 dr ac 000 m spa d
020 _a9789945897685
040 _aDO-SdBNP
_bspa
_cBNPHU
082 _axxxx
_bP926g
245 0 3 _aLa prensa y la guerra de abril 1965 /
_ceditor, Andriano Miguel Tejada ; edición Jesús R. Navarro Zerpa ; introducción Bernardo Vega.
260 _aSanto Domingo :
_bAcademia Dominicana de la Historia,
_c2016.
300 _a198 p. :
_bil., retrs. ;
_c28 cm.
490 1 _aAcademia Dominicana de la Historia
_v132
500 _aIncluye datos biográficos del autor en la solapa de la cubierta
505 0 _aIntroducción por Bernardo Vega --
_tLa prensa y la Guerra de Abril de 1965 por Adriano Miguel Tejada --
_tLa prensa y los primeros días de la revolución --
_tLa edición del 28 de abril --
_tLa cobertura internacional --
_tReporta la prensa extranjera --
_tLa prensa de la guerra civil --
_tPalabras finales --
_tReseñas de diarios nacionales e internacionales --
_tLa prensa nacional e internacional y los primeros días de la guerra --
_tRevistas ¡Ahora! Y Bohemia  Revista ¡Ahora! --
_tRevista ¡Ahora! --
_tRevista Bohemia de Cuba --
_tLa prensa de la Guerra Civil --
_tLa Nación --
_tPatria --
_tLa Hoja --
_tCables internacionales --
_tCables de agencias --
590 _aInventariado, 2019/LP
700 1 _aTejada, Adriano Miguel
_d1948-2020
_eed.
_98560
700 1 _aNavarro Zerpa, Jesús R.,
_eed
_973422
700 1 _aVega, Bernardo,
_d1938 -
_eintrod.
_93222
830 _aAcademia Dominicana de la Historia
_9770
999 _c47708
_d47708